000 01709nam0a22003011 4500
001 rc\3287133
005 20250609173649.0
021 _aRU
_b69-31193
021 _aRU
_bРг6399-69
035 _a(NLR Aleph) 007401204
090 _a6714453
_c6714453
100 _a20130115d1969 |||y0rusy50 ca
101 0 _arus
102 _aRU
105 _ay z |||||
200 1 _aНаучная периодика в 1967-1980 гг.
_eПо 2 направлению разработки прогноза "Объем опубликованных и неопубликованных источников информации и их потоки"
_e[Доклад
_fСовет экон. взаимопомощи. Постоянная комис. по координации науч. и техн. исследований. Междунар. симпозиум стран - членов СЭВ "Разработка прогноза развития науч.-техн. информации" (Москва, 30 сент. - 4 окт. 1968 г.)
210 _aМосква
_cБ. и.
_d1969]
215 _a[1], 11, [26] л.
_cграф.
_d32
309 _aОтпеч. множит. аппаратом
532 1 1 _aНаучная периодика в тысяча девятьсот шестьдесят седьмом - 1980 гг.
700 1 _aЦицелков
_bД.
712 1 2 _a"Разработка прогноза развития научно-технической информации", междунар. симпозиум стран-членов СЭВ (1968; Москва)
801 0 _aRU
_bNLR
_gpsbo
801 1 _aRU
_bELAR
_2rusmarc
852 _aNLR
_j69-9/179
942 _cBOOK
980 _aNB